Normal view
MARC view
- Academic Press Clark, K. L
Entry Personal Name
001 - CONTROL NUMBER
- control field: 74053
003 - CONTROL NUMBER IDENTIFIER
- control field: NUST
005 - DATE AND TIME OF LATEST TRANSACTION
- control field: 20210628205125.0
008 - FIXED-LENGTH DATA ELEMENTS
- fixed length control field: 210628|| aca||aabn | a|a d
040 ## - CATALOGING SOURCE
- Original cataloging agency: NUST
- Transcribing agency: NUST
100 ## - HEADING--PERSONAL NAME
- Personal name: Academic Press Clark, K. L
670 ## - SOURCE DATA FOUND
- Source citation: Work cat.: (NUST): Academic Press Clark, K. L, Logic programming, 1982
